The Days Quiz Stats

 Plays Quiz Updated Mar 28, 2012

Also try: Days of the Week
Challenge
Share
Tweet
Embed
Score 0/18 Timer 05:00
1 Play Today
Hint Answer % Correct
Sitcom on which Potsie might sit on it or the Fonz might jump the sharkHappy Days
89.4%
Like sands through the hourglass, this soap opera has aired since 1965Days of our Lives
86.1%
In their 1965 #1 hit, how often the Beatles need your love, babeEight Days a Week
80.2%
1990 Tony Scott film with Tom Cruise as a race car driverDays of Thunder
55.9%
2002 Josh Hartnett romantic comedy, or how long the Great Flood lasted40 Days and 40 Nights
51.8%
Unconventional Joseph Gordon-Levitt/Zooey Deschanel 2009 romantic comedy(500) Days of Summer
46.3%
Theme song to 'All in the Family', or a separate 1968 Mary Hopkin hitThose Were the Days
43.2%
Classic Bruce Springsteen single from the album 'Born in the U.S.A.'Glory Days
43.1%
2002 Danny Boyle-directed horror film starring Cillian Murphy28 Days Later
31.2%
Hint Answer % Correct
Harrison Ford/Anne Heche 1998 romantic adventure filmSix Days Seven Nights
25.7%
Morgan Spurlock documentary TV series about peoples' differing lives30 Days
20.6%
Florence and the Machine indie-pop song that became a hit in 2010Dog Days Are Over
18.1%
Gorillaz' second album, featuring the hits 'Feel Good Inc.' and 'DARE'Demon Days
14.6%
Hit songs for Dirty Vegas (electronica, 2001) and Keith Urban (country, 2004)Days Go By
12.3%
Pop song by the Carpenters that hit #2 in the US in '71 and #63 in the UK in '93Rainy Days and Mondays
10%
Canadian hard rock band with the albums 'One-X' and 'Life Starts Now'Three Days Grace
8.1%
1995 album by Bon Jovi that reached #1 in Europe, or its title trackThese Days
5.4%
Comedy-drama starring Blair Brown that aired from 1987 to 1991The Days and Nights of Molly Dodd
5%

You're not logged in!

Compare scores with friends on all Sporcle quizzes.
OR
Log In

You Might Also Like...

Show Comments

Extras

Top Quizzes Today


Score Distribution

Your Account Isn't Verified!

In order to create a playlist on Sporcle, you need to verify the email address you used during registration. Go to your Sporcle Settings to finish the process.

Report this User

Report this user for behavior that violates our Community Guidelines.

Details: